| 000 | 00593nam a22001817a 4500 | ||
|---|---|---|---|
| 005 | 20251108165343.0 | ||
| 008 | 250721s1988 xx 000 0 ara d | ||
| 082 | 1 | 4 | _aم/012.09565/انت |
| 100 | 1 | _aزاهده، عزت | |
| 245 | 1 | 0 |
_aالإنتاج العلمي للعاملين في الجامعة الأردنية 1962-1987 : _bالقسم العربي / |
| 264 | 1 |
_aعمان : _bالجامعة الاردنية، _c1988. |
|
| 300 | _a163ص | ||
| 650 | 1 | 7 | _aالببليوغرافيات |
| 650 | 1 | 7 | _aالاردن |
| 650 | 1 | 7 | _aالمؤلفون |
| 942 |
_2ddc _cREF |
||
| 999 |
_c25850 _d25850 |
||